|
|
|
|
| LEADER |
01015nam a2200253 a 4500 |
| 001 |
1840726 |
| 008 |
100124s1980 ii af b 000 0 eng d |
| 010 |
|
|
|a 80901719
|
| 020 |
|
|
|a 0706910214
|
| 040 |
|
|
|a DLC
|c DLC
|d DLC
|d BD-DhAAL
|
| 082 |
0 |
0 |
|a 305.4/2/0954
|2 19
|
| 100 |
1 |
|
|a Jain, Devaki,
|d 1933-
|
| 245 |
1 |
0 |
|a Women's quest for power :
|b five Indian case studies /
|c Devaki Jain, assisted by Nalini Singh, Malini Chand.
|
| 260 |
|
|
|a Sahibabad, Distt. Ghaziabad :
|b Vikas,
|c c1980.
|
| 300 |
|
|
|a vi, 272 p., [1] leaf of plates :
|b ill. ;
|c 23 cm.
|
| 504 |
|
|
|a Includes Bibliography (p. [269]-272.)
|
| 500 |
|
|
|a "By the same author": p. [ii]
|
| 541 |
1 |
|
|e 00004584
|
| 650 |
|
0 |
|a Women
|z India
|x Social conditions
|x Case studies.
|
| 700 |
1 |
|
|a Singh, Nalini.
|
| 700 |
1 |
|
|a Chand, Malini.
|
| 852 |
4 |
|
|a Ayesha Abed Library
|j General shelf
|
| 999 |
|
|
|c 7193
|d 7193
|
| 952 |
|
|
|0 0
|1 0
|2 ddc
|4 0
|6 305_420954000000000_JAI_1980
|7 0
|9 7482
|a BRACUL
|b BRACUL
|c GEN
|d 2010-01-26
|g 90.00
|l 0
|o 305.420954 JAI
|p 3010004584
|r 2010-01-26
|t 1
|w 2010-01-26
|y BK
|